| 000 | 00599nam a22002417a 4500 | ||
|---|---|---|---|
| 005 | 20250217132007.0 | ||
| 008 | 210701b th ||||| |||| 00| 0 tha d | ||
| 020 | _a9781407169651 | ||
| 040 |
_beng _cAITISLIB |
||
| 099 | _aJF-215 | ||
| 245 | 0 | b |
_aIce age : _bcollision course |
| 260 |
_aLondon : _bScholastic, _c2017 |
||
| 300 |
_a32 p. : _bcol. ill. |
||
| 350 | _a119 ฿ | ||
| 500 | _aLevel 2 | ||
| 650 | 0 | _aIce age (Tale) | |
| 650 | 0 | _aFairy tales | |
| 650 | 0 | _aChildren's stories | |
| 700 | 1 |
_aBrown, Judy, _eillustrator |
|
| 700 | 1 | _aSved, Rob | |
| 850 | _aAITISLIB | ||
| 942 |
_cJF _08 |
||
| 999 |
_c222 _d222 |
||